| 000 | 00768cab a2200265 4500 | ||
|---|---|---|---|
| 001 | ABS54579 | ||
| 008 | 090401t1996 xxu||||| |||| 00| 0 eng d | ||
| 035 | _a(Sirsi) u11180 | ||
| 041 | _aeng | ||
| 100 | _aTurner, T. | ||
| 245 | _aPlacing trust in greenways | ||
| 260 | _c1996 | ||
| 350 | _a0 | ||
| 490 |
_aPlanning Week _v4(7) 15 February 1996, 14-15(2) |
||
| 520 | _aLooks at the issues to consider in developing a strategy for park and public open space planning. Relates ideas such as the `park system` and the `greenway`. | ||
| 650 | _aGREENWAYS | ||
| 650 | _aOPEN SPACES | ||
| 650 | _aPARK SYSTEM | ||
| 650 | _aPARK TRUSTS | ||
| 650 | _aPARKS | ||
| 650 | _aURBAN PARKS | ||
| 690 | _aLEISURE AND RECREATION | ||
| 942 | _n0 | ||
| 948 | _c04/03/1997 | ||
| 999 |
_c7116 _d7116 |
||